Pederastie Active 1907

Saved in:
Bibliografiske detaljer
Hovedforfatter: Rast, P.D
Andre forfattere: Cardon, Patrick
Format: Bog
Sprog:engelsk
Udgivet: Lille Cahiers Gai-Kitsch-Camp 1993
Tags: Tilføj Tag
Ingen Tags, Vær først til at tagge denne postø!

MARC

LEADER 00000nam a2200000 4500
005 20241106191805.0
008 241106b |||||||| |||| 00| 0 eng d
020 |a 290805017X 
040 |c GP 
100 |a Rast, P.D. 
245 |a Pederastie Active  |b 1907 
260 |a Lille  |b Cahiers Gai-Kitsch-Camp  |c 1993 
700 |a Cardon, Patrick 
942 |2 ddc  |c BK  |n 0 
952 |0 0  |1 0  |2 ddc  |4 0  |6 843_000000000000000_RAS  |7 1  |9 2176  |a RM  |b RM  |d 2024-11-06  |l 0  |o 843 RAS  |p 517  |r 2024-11-06 19:18:34  |w 2024-11-06  |y BK 
999 |c 1915  |d 1915